000 01252cam a22003377a 4500
003 CHAP
005 20220817043943.0
008 040810d2002 mx a r 00110 spa d
010 _a88631
011 _a89603
035 _a100154
040 _cCHAP
090 _aTesis
100 0 0 _aAndrade Varela, Clotilde Victoria.
_95670
245 1 0 _aAnálisis de la expresión genética de marcadores moleculares en plantas de frijol (Phaseolus vulgaris L.) cultivadas bajo estrés hídrico
_c/por Clotilde Victoria Andrade Varela
260 _aMontecillo, Méx. :
_bEl autor,
_c2002.
300 _a40 h. ;
_bilus.
502 _aTesis ( M.C.) CP. Instituto de Recursos Genéticos y Productividad Programa en Genética
590 _aALEPH
_b10
_c20130110
_lUCH01
_h1459
590 _aBATCH-UPD
_b10
_c20130110
_lUCH01
_h0519
590 _aBATCH-UPD
_b10
_c20130410
_lUCH01
_h0158
590 _aBATCH-UPD
_b10
_c20130914
_lUCH01
_h0329
590 _aCONVERSION
_b10
_c20130109
_lUCH01
_h1349
650 1 4 _aCultivos en invernadero.
_930376
650 1 4 _aFrijol
_xEfecto de la humedad.
_943361
650 1 4 _aFrijol
_xGenética.
901 _aBK
905 _aMayto Villalobos Santana
942 _cTESIS
949 _aTesis
_bBC
_cTES
_d100154123
_eTS1
_h42353
_i100154
_sb
999 _c88631
_d88631